[Event "AUTO-MASTER-529"]
[Site "http://www.queenalice.com/game.php?id=406566"]
[Date "2008.5.22"]
[Round "1"]
[White "sidclay"]
[Black "Rutty"]
[Result "0-1"]
[WhiteElo "1979"]
[BlackElo "2069"]

1. e4 c5 2. Nf3 Nc6 3. d4 cxd4 4. Nxd4 e6 5. Nc3 d6 6. Be3 a6 7. Bd3 Nf6 8. O-O
Be7 9. Kh1 Nxd4 10. Bxd4 O-O 11. e5 dxe5 12. Bxe5 Nd7 13. Bd4 Bf6 14. Qh5 g6 15.
Qg4 e5 16. Be3 Nc5 17. Qc4 Nxd3 18. cxd3 Be6 19. Qb4 b5 20. Ne4 Bg7 21. Rac1 f5
22. Bg5 Qb6 23. Nc5 Qd6 24. Qh4 Rf7 25. Nxe6 Qxe6 26. Rc2 Qxa2 27. Rfc1 a5 28.
h3 a4 29. Be7 h6 30. Qb4 Qe6 31. Bc5 Rb7 32. d4 exd4 33. Bxd4 Qe4 34. Bc5 Qxb4
35. Bxb4 Bf8 36. Bxf8 Rxf8 37. Rc6 Kg7 38. Re6 Rf6 39. Re8 Ra6 40. Rcc8 Raa7 41.
Rg8+ Kf6 42. Rc6+ Ke5 43. Rgxg6 b4 44. g3 a3 45. Rcd6 Re7 46. bxa3 bxa3 47. Ra6
a2 48. Rge6+ Kd4 49. Red6+ Kc3 50. Rdc6+ Kd2 51. Rd6+ Ke2 52. Re6+ Kxf2 53.
Rxa2+ Rxa2 54. Rxe7 Kxg3 55. Re3+ Kf4 56. Rb3 Re2 57. Kg1 Re3 58. Rb4+ Kg3 59.
Kf1 h5 60. Rb5 Kf4 61. Kg2 Re2+ 62. Kf1 Re4 63. Kf2 h4 64. Rb7 Ra4 0-1

[Event "AUTO-MASTER-529"]
[Site "http://www.queenalice.com/game.php?id=406567"]
[Date "2008.5.22"]
[Round "1"]
[White "Rutty"]
[Black "sidclay"]
[Result "0-1"]
[WhiteElo "1962"]
[BlackElo "1999"]

1. e4 e6 2. Nf3 d5 3. e5 c5 4. d4 Nc6 5. c3 Qa5 6. Bd2 Qb6 7. dxc5 Bxc5 8. b4
Bxf2+ 9. Ke2 Bd7 10. a4 a6 11. a5 Nxa5 12. Rxa5 Bb5+ 13. Rxb5 axb5 14. g3 Ra2
15. Qb3 Qa7 16. Bg2 Ne7 17. Rf1 Be3 18. Nd4 Bxd2 19. Nxd2 Qa6 20. Rd1 O-O 21.
Ke3 Nc6 22. Nxc6 bxc6 23. Bf3 d4+ 24. Kxd4 Rd8+ 25. Ke3 Qa7+ 26. Ke2 Ra3 27. Ne4
Ra2+ 28. Rd2 Raxd2+ 29. Nxd2 c5 30. bxc5 Qxc5 31. c4 Qxe5+ 32. Kd1 Qd4 33. Qa2
bxc4 34. Ke1 Qe3+ 35. Be2 c3 0-1

[Event "AUTO-OPEN-883"]
[Site "http://www.queenalice.com/game.php?id=411105"]
[Date "2008.5.31"]
[Round "3"]
[White "Vampyr"]
[Black "sidclay"]
[Result "1-0"]
[WhiteElo "2160"]
[BlackElo "1967"]

1. e4 e6 2. d4 d5 3. Nc3 Bb4 4. e5 c5 5. a3 cxd4 6. axb4 dxc3 7. Bd3 Nc6 8. Nf3
Qc7 9. O-O Nxe5 10. Nxe5 Qxe5 11. bxc3 Nf6 12. Re1 Qxc3 13. Bg5 Bd7 14. b5 h6
15. Be3 O-O 16. Bd4 Qc7 17. Qf3 Ne8 18. b6 Qc6 19. bxa7 f6 20. Be3 1-0

[Event "AUTO-OPEN-883"]
[Site "http://www.queenalice.com/game.php?id=411106"]
[Date "2008.5.31"]
[Round "3"]
[White "sidclay"]
[Black "Vampyr"]
[Result "0-1"]
[WhiteElo "1959"]
[BlackElo "2166"]

1. e4 c5 2. Nf3 d6 3. d4 cxd4 4. Nxd4 Nf6 5. Nc3 a6 6. Bg5 e6 7. f4 Nc6 8. Nxc6
bxc6 9. Bd3 Be7 10. Qf3 Qb6 11. Rb1 Bb7 12. e5 c5 13. Qg3 Nh5 14. Qh4 Bxg5 15.
Qxg5 g6 16. Be4 d5 17. Bf3 Ng7 18. O-O O-O 19. Be2 d4 20. Nd1 Qd8 21. Qg4 Bd5
22. b3 Rb8 0-1

[Event "Let's Play Chess!"]
[Site "http://www.queenalice.com/game.php?id=411931"]
[Date "2008.6.2"]
[Round "-"]
[White "hjspinosa"]
[Black "sidclay"]
[Result "1-0"]
[WhiteElo "2175"]
[BlackElo "2014"]

1. e4 e6 2. d4 d5 3. Nc3 Bb4 4. e5 c5 5. Bd2 a6 6. f4 cxd4 7. Nce2 Bc5 8. b4 Ba7
9. Nf3 Nc6 10. a4 Qb6 11. a5 Qc7 12. Rb1 Nge7 13. Nc1 b5 14. Bd3 O-O 15. O-O h6
16. Ne2 Ng6 17. Be1 Qe7 18. Qd2 Bd7 19. Bf2 Rac8 20. Nexd4 Bxd4 21. Nxd4 Nxd4
22. Bxd4 Qh4 23. Rf3 Rc7 24. Rbf1 Qd8 25. g4 Ne7 26. Bb6 Nc6 27. c3 Qc8 28. Bxc7
Qxc7 29. Bb1 Qa7+ 30. Qe3 d4 31. Qd3 dxc3+ 32. Kg2 Nd4 33. Qh7# 1-0

[Event "AUTO-MASTER-537"]
[Site "http://www.queenalice.com/game.php?id=412112"]
[Date "2008.6.2"]
[Round "1"]
[White "sidclay"]
[Black "Bobtzu"]
[Result "0-1"]
[WhiteElo "1898"]
[BlackElo "1962"]

1. e4 d5 2. exd5 Qxd5 3. Nf3 c6 4. Be2 Nf6 5. O-O Bf5 6. d4 Nbd7 7. Nc3 Qa5 8.
Bf4 e6 9. Re1 Bb4 10. d5 cxd5 11. Nd4 Bxc3 12. bxc3 Bg6 13. Bd6 Qxc3 14. Nb5 Qc6
15. Nc7+ Kd8 16. Nxa8 Qxd6 17. c4 Qb8 18. cxd5 Nxd5 19. Bf3 N7f6 20. Nb6 axb6
21. Qb3 Qd6 22. Red1 Ke7 23. Rd2 Rc8 24. Re1 Kf8 25. h3 Bh5 0-1

[Event "AUTO-MASTER-537"]
[Site "http://www.queenalice.com/game.php?id=412113"]
[Date "2008.6.2"]
[Round "1"]
[White "Bobtzu"]
[Black "sidclay"]
[Result "1-0"]
[WhiteElo "1975"]
[BlackElo "1840"]

1. e4 e5 2. Nf3 Nf6 3. Nxe5 Qe7 4. d4 Nxe4 5. Qe2 d5 6. Nd2 Nxd2 7. Bxd2 Nc6 8.
Nxc6 bxc6 9. Qxe7+ Bxe7 10. O-O-O O-O 11. Bd3 Be6 12. Rhe1 Rab8 13. f4 g6 14. h3
c5 15. dxc5 Bxc5 16. g4 d4 17. a3 Bd6 18. Re2 Bd5 19. Be4 Bc4 20. Bd3 Bd5 21.
Be4 Bxe4 22. Rxe4 c5 23. Rde1 Kg7 24. b4 cxb4 25. Rxd4 Bc5 26. Rc4 Bd6 27. f5
bxa3 28. Ra4 Bc5 29. f6+ Kg8 30. Be3 1-0

[Event "AUTO-MASTER-537"]
[Site "http://www.queenalice.com/game.php?id=412114"]
[Date "2008.6.2"]
[Round "1"]
[White "sidclay"]
[Black "daf88"]
[Result "1-0"]
[WhiteElo "1903"]
[BlackElo "2129"]

1. e4 e6 2. d4 d5 3. Nc3 Nf6 4. e5 Nfd7 5. Nce2 c5 6. c3 Nc6 7. Nf3 Qb6 8. g3 f6
9. exf6 Nxf6 10. Bg2 cxd4 11. Nexd4 Bc5 12. O-O O-O 13. Be3 Ng4 14. b4 Nxe3 15.
fxe3 Bxd4 16. exd4 e5 17. a4 e4 18. a5 Qd8 19. Nd2 Be6 20. Qc2 Qg5 21. c4 Nxd4
22. Qb2 Nf5 23. cxd5 Bxd5 24. Rfe1 Rae8 25. Nxe4 Bxe4 26. Bxe4 Kh8 27. Bxb7 Ne3
28. Bc6 Re7 29. b5 Ref7 30. Qe2 Ng4 31. Ra4 Nh6 32. Bg2 Qc5+ 33. Kh1 Rf2 34. Qc4
Qf5 35. Rg1 Rc2 36. Qe4 Qf2 37. b6 Rb2 38. Rb4 axb6 39. axb6 Nf7 40. Rf1 1-0

[Event "AUTO-MASTER-537"]
[Site "http://www.queenalice.com/game.php?id=412115"]
[Date "2008.6.2"]
[Round "1"]
[White "daf88"]
[Black "sidclay"]
[Result "1-0"]
[WhiteElo "2060"]
[BlackElo "1864"]

1. e4 e5 2. Nf3 Nf6 3. Nxe5 Qe7 4. Nf3 Qxe4+ 5. Be2 d5 6. O-O Bd6 7. Bb5+ Kd8 8.
Nc3 Qg4 9. d4 Qh5 10. Ne5 Qh4 11. Nxf7+ Ke7 12. Nxd6 Kxd6 13. Qe2 c6 14. Qe5+
Kd7 15. Bd3 Re8 16. Bf5+ Kd8 17. Qd6+ Bd7 18. Bf4 Na6 19. Rfe1 Qh5 20. g4 Qf7
21. f3 g6 22. Rxe8+ Nxe8 23. Bg5+ Kc8 24. Bxd7+ Qxd7 25. Qf8 b6 26. Re1 Nc7 27.
Re7 Qd6 28. Bf4 Qd8 29. Rxh7 g5 30. Qf5+ Kb7 31. Bxg5 Qd6 32. Bf4 Qb4 33. Qe5
Qxb2 34. Nxd5 cxd5 35. Qxd5+ Kc8 36. Rxc7+ Nxc7 37. Bxc7 Kxc7 38. Qxa8 Qxd4+ 39.
Kg2 Qd2+ 40. Kg3 Qe1+ 41. Kg2 Qe2+ 42. Kh3 Qf1+ 43. Kh4 1-0

[Event "AUTO-MASTER-537"]
[Site "http://www.queenalice.com/game.php?id=412116"]
[Date "2008.6.2"]
[Round "1"]
[White "sidclay"]
[Black "Puffer"]
[Result "0-1"]
[WhiteElo "1850"]
[BlackElo "2118"]

1. e4 e5 2. Nf3 Nc6 3. d4 exd4 4. Nxd4 Bc5 5. c3 Qf6 6. Be3 Nge7 7. Be2 d6 8.
O-O Nxd4 9. cxd4 Bb6 10. Nc3 a6 11. Qd2 h6 12. f4 g5 13. fxg5 Qg7 0-1

[Event "AUTO-MASTER-537"]
[Site "http://www.queenalice.com/game.php?id=412117"]
[Date "2008.6.2"]
[Round "1"]
[White "Puffer"]
[Black "sidclay"]
[Result "1-0"]
[WhiteElo "2122"]
[BlackElo "1845"]

1. e4 e6 2. d4 d5 3. Nd2 Nf6 4. e5 Ne4 5. Nxe4 dxe4 6. Bc4 c5 7. c3 Nc6 8. Ne2
cxd4 9. cxd4 Bb4+ 10. Bd2 Qa5 11. a3 Bxd2+ 12. Qxd2 Qxd2+ 13. Kxd2 a6 14. b4 O-O
15. Ke3 1-0

[Event "Let's Play Chess!"]
[Site "http://www.queenalice.com/game.php?id=413270"]
[Date "2008.6.5"]
[Round "-"]
[White "Mehe"]
[Black "sidclay"]
[Result "1-0"]
[WhiteElo "2118"]
[BlackElo "2027"]

1. e4 e5 2. Nf3 Nf6 3. Nxe5 Qe7 4. d4 Nxe4 5. Be2 Nc6 6. Nxc6 bxc6 7. O-O Qf6 8.
Bd3 d5 9. c4 Be7 10. Be3 O-O 11. Qc2 Qh4 12. g3 Qh3 13. Bxe4 dxe4 14. Qxe4 Re8
15. Qg2 Qh5 16. Qxc6 Bh3 17. Re1 Rab8 18. Nc3 Red8 19. Nd5 Bf8 20. Nf4 Qg4 21.
Nxh3 Qxh3 22. b3 Rdc8 23. Bf4 Rb6 24. Qg2 Qg4 25. h3 Qd7 26. Rad1 Ra6 27. Re2 h6
28. g4 Re8 29. Qf1 Rxe2 30. Qxe2 h5 31. c5 Rg6 32. f3 hxg4 33. hxg4 Be7 34. Kg2
1-0

[Event "Let's Play Chess!"]
[Site "http://www.queenalice.com/game.php?id=413555"]
[Date "2008.6.5"]
[Round "-"]
[White "sidclay"]
[Black "Mehe"]
[Result "0-1"]
[WhiteElo "2004"]
[BlackElo "2101"]

1. e4 c5 2. Nf3 a6 3. d4 cxd4 4. Nxd4 Nf6 5. Nc3 e5 6. Nf3 Bb4 7. Bd3 d5 8. Bd2
Bxc3 9. Bxc3 dxe4 10. Bb4 exd3 11. Nxe5 d2+ 12. Kf1 Qd5 13. Qe2 Be6 14. Nd3 Nc6
15. Ba3 O-O-O 16. Qxd2 Rhe8 17. Qc3 Qd4 18. Qd2 Bc4 19. Rd1 Ne5 20. Qa5 Nxd3 21.
cxd3 Bxd3+ 22. Kg1 Ne4 23. Bc5 Nxc5 24. Rc1 Kb8 0-1

[Event "Let's Play Chess!"]
[Site "http://www.queenalice.com/game.php?id=414566"]
[Date "2008.6.7"]
[Round "-"]
[White "carbon"]
[Black "sidclay"]
[Result "1-0"]
[WhiteElo "2092"]
[BlackElo "1992"]

1. e4 e6 2. d4 d5 3. e5 c5 4. c3 Nc6 5. Nf3 Qa5 6. dxc5 Qc7 7. Bf4 Bxc5 8. Bd3
Qb6 9. Qe2 Nge7 10. b4 Nxb4 11. cxb4 Qxb4+ 12. Qd2 Qb6 13. O-O Bd7 14. Qe2 Nf5
15. Nc3 Nd4 16. Nxd4 Bxd4 17. Rac1 1-0

[Event "Let's Play Chess!"]
[Site "http://www.queenalice.com/game.php?id=414569"]
[Date "2008.6.7"]
[Round "-"]
[White "sidclay"]
[Black "leduar"]
[Result "1-0"]
[WhiteElo "2014"]
[BlackElo "1934"]

1. e4 e5 2. Nf3 Nc6 3. Nc3 g6 4. d4 exd4 5. Nxd4 Qf6 6. Nxc6 Bc5 7. f3 Qxc6 8.
Bf4 Bb4 9. Qd2 Bxc3 10. bxc3 d6 11. Rb1 a6 12. Bd3 Be6 13. e5 d5 14. c4 O-O-O
15. cxd5 Bxd5 16. O-O Bc4 17. Qe3 Bxd3 18. cxd3 Kb8 19. Rb2 Rd5 20. Rc1 Qe6 21.
a4 Ne7 22. Rcb1 b6 23. Rxb6+ cxb6 24. Rxb6+ Kc7 25. Rxe6 fxe6 26. Qa7+ Kd8 27.
Qb8+ Nc8 28. Bg5+ Kd7 29. Qb7+ 1-0

[Event "AUTO-MASTER-547"]
[Site "http://www.queenalice.com/game.php?id=420115"]
[Date "2008.6.19"]
[Round "1"]
[White "sidclay"]
[Black "Lucascg"]
[Result "0-1"]
[WhiteElo "1874"]
[BlackElo "2020"]

1. e4 d6 2. d4 Nf6 3. Nc3 g6 4. Bg5 Bg7 5. Qd2 O-O 6. Bh6 c6 7. Bxg7 Kxg7 8.
O-O-O b5 9. f3 b4 10. Nb1 a5 11. h4 h5 12. Be2 Ba6 13. Bxa6 Nxa6 0-1

[Event "AUTO-MASTER-547"]
[Site "http://www.queenalice.com/game.php?id=420116"]
[Date "2008.6.19"]
[Round "1"]
[White "Lucascg"]
[Black "sidclay"]
[Result "1-0"]
[WhiteElo "2009"]
[BlackElo "1885"]

1. d4 Nf6 2. c4 g6 3. Nc3 d5 4. e3 Bg7 5. Nf3 O-O 6. Qb3 c6 7. Bd3 Bg4 8. Ne5
Nbd7 9. Nxg4 Nxg4 10. h3 Ngf6 11. cxd5 Nxd5 12. Nxd5 cxd5 13. Qxd5 e6 14. Qb3
1-0